Facts on the commonwealth

Bibliographic Details
Format: Book
Published: Kuala Lumpur : The New Straits Times , 1989
Subjects:

MARC

LEADER 00000cam a2200000 7i4500
001 0000002869
002 000003105
005 20000330.0
020 |a 9838710008 
090 0 0 |a 917.1241   |b FAC 
245 0 0 |a Facts on the commonwealth 
260 |a Kuala Lumpur :   |b The New Straits Times ,   |c 1989 
300 |a 107p. :   |b ill ;   |c 23cm. 
650 0 0 |a Commonwealth countries   |x Politics and government 
999 |a 036444   |b BUKU   |c MALAYSIANA   |e PERPUSTAKAAN KOMUNITI PETALING JAYA 
999 |a 117156   |b BUKU   |c PINJAMAN   |e PERPUSTAKAAN KOMUNITI PETALING JAYA